The adventourous snail (Record no. 572206)

MARC details
000 -LEADER
fixed length control field 00378nam a2200157 4500
008 - FIXED-LENGTH DATA ELEMENTS--GENERAL INFORMATION
fixed length control field 250613b |||||||| |||| 00| 0 eng d
020 ## - INTERNATIONAL STANDARD BOOK NUMBER
ISBN 9780552550451
Paper back/Hardbound pbk
041 ## - LANGUAGE CODE
Language code of text/sound track or separate title eng
082 ## - DEWEY DECIMAL CLASSIFICATION NUMBER
Classification number 372.31
Item number KIN
100 ## - MAIN ENTRY--AUTHOR NAME
Personal name King-smith, Dick
245 ## - TITLE STATEMENT
Title The adventourous snail
260 ## - PUBLICATION, DISTRIBUTION, ETC. (IMPRINT)
Place of publication Uk
Name of publisher Young corgi
Year of publication 2013
300 ## - PHYSICAL DESCRIPTION
Number of Pages 112
942 ## - ADDED ENTRY ELEMENTS (KOHA)
Koha item type English Books
Holdings
Withdrawn status Lost status Damaged status Not for loan Home library Current library Shelving location Date acquired Full call number Accession Number Price effective from Koha item type
        Anna Centenary Library Anna Centenary Library CHILDREN SECTION-1ST FLOOR, B WING 10.11.2010 372.31 KIN 347841 13.06.2025 English Books
        Anna Centenary Library Anna Centenary Library   13.06.2025 372.31 KIN   13.06.2025 English Books

Find us on the map